| 000 | 00593cam a22002053a 4500 | ||
|---|---|---|---|
| 001 | 44935 | ||
| 003 | PGUSA | ||
| 005 | 20140828084027.0 | ||
| 008 | 140216s2014||||xxu|||||s|||||000 | eng d | ||
| 040 |
_aPGUSA _beng |
||
| 042 | _adc | ||
| 245 | 1 | 0 |
_aMyths and Legends of the Mississippi Valley and the Great Lakes _h[electronic resource] |
| 260 |
_bProject Gutenberg, _c2014 |
||
| 506 | _aPublic domain in the USA. | ||
| 516 | _aElectronic text | ||
| 700 | 1 | _aJudson, Katharine Berry | |
| 830 | 0 |
_aProject Gutenberg _v44935 |
|
| 856 | 4 | 0 | _uhttp://www.gutenberg.org/ebooks/44935 |
| 942 | _cEB | ||
| 999 |
_c274186 _d274186 |
||